Statistics for Countries Least Similar To Bangladesh

Click here to take the quiz!

General Stats

  • This quiz has been taken 32 times
  • The average score is 14 of 21

Answer Stats

RankCountryScore% Correct
2Canada35.6
88%
1United States35.3
88%
11France39.1
84%
16Denmark40.0
76%
10Germany38.8
76%
7Sweden37.6
76%
6Finland37.5
72%
17Spain40.8
72%
15Australia39.9
68%
12Belgium39.5
68%
20Italy41.2
68%
20Japan41.2
68%
12Netherlands39.5
68%
5Norway36.7
68%
9New Zealand38.7
64%
8Austria38.4
60%
4Iceland36.6
60%
3Switzerland36.1
56%
14Luxembourg39.7
36%
18Czech Republic40.9
28%
18Slovenia40.9
24%

Score Distribution

Percentile by Number Answered

Percent of People with Each Score

Your Score History

You have not taken this quiz